Регионална библиотека "Любен Каравелов" - Русе

Скандалният живот на Евелин Хюго (Запис номер 440013)

MARC детайли
000 -Лидер
Контролно поле с фиксирана дължина 01277nam a2200277 a 4500
003 - Код на организацията, давaща контролен номер
Контролно поле BLK
005 - Дата и час на последна редакция
Контролно поле 20250729102225.0
008 - Елементи от данни с фиксирана дължина
fixed length control field 211214b bu |||||r|||| 00| | bu d
020 ## - Международен стандартен номер на книга ISBN
Международен стандартен номер на книга ISBN 9789547833135
040 ## - Източник на каталожния запис
Идентификатор на билиотеката - собственик на записа BLK
041 ## - Код за език
Код за езика на текст/звукозапис или на отделно заглавие Български
Код за езика КДБФ Български
080 ## - УДК
Текстов определител УДК Американска литература (на САЩ)
УДК код - определител по УДК 821.111(73)
УДК определител -31
УДК - код + определител 821.111(73)-31
100 ## - Редна дума - Автор
Автор Рийд, Тейлър Дженкинс
Авторска отговорност първи автор
R(LIN) 1299
139 ## - Редно поле
Редна дума Рийд, Тейлър Дженкинс
Авторски знак Ри - Р 58
245 ## - Сведения за заглавието
Заглавие Скандалният живот на Евелин Хюго
Подзаглавни данни историята на рок чудото от седемдесетте
Редно поле (дума) Тейлър Дженкинс Рийд ; прев. Катя Перчинкова
257 ## - Страна на издаване
Страна на създаване/издаване България
260 ## - Област на издателските данни
9 (RLIN) 211571
Място на издаване, разпространение и проч. София
Име на издателя, разпространителя и проч. Intense
Година на издаване 2021
Печатница (София : Алианс принт)
Издателство - префикс ISBN 978-954-783-
300 ## - Физическа характеристика
Страници 495 с.
Размери/Мащаб 20 см
380 ## - Жанр
Жанр Худож. лит.
490 ## - СЕРИИ (Колекции)
9 (RLIN) 417306
Име на серия Библиотека Lux in tenebris
№: серия 10
ISSN C634-7967
500 ## - Общи забележки
Забележка Ориг. загл.: The seven husbands of Evelyn Hugo / Taylor Jenkins Reid
700 1# - Други автори (авторска отговорност)
9 (RLIN) 108657
Лично име Перчинкова, Катя Христова
Автороска отговорност (Описва отношението между автора и произведението) прев.
852 ## - Местоположение
Фондова буква Заемна - подръчен фонд
Систематично-азбучна сигнатура 821-31/Р 58 Т
999 ## - СИСТЕМНИ КОНТРОЛНИ НОМЕРА
Koha biblionumber 440013
Koha biblioitemnumber 440013
942 ## - АРТИКУЛИ
Вид на библиотечния материал Книги
Скрит в OPAC Не
Периодичен библиозапис Да
Koha issues (borrowed), all copies 24
944 ## - СЪЗДАВАНЕ И РЕДАКЦИЯ на ЗАПИСА
Създаване/Редакция Създаване
Дата на регистрацията/редакция 2021-12-14
Служител, извършил регистрацията/редакцията 30576
Статус, дата на статуса Цветомила Тодорова
Наличности
Код за отписване Код за изгубен артикул Източник на класификационната схема Код за повреда Коз за рестрикции Код за отдаване Артикулен № Име на библиотеката - собственик Име на библиотеката, в която се намира в момента Статус (Текущо местоположение) Дата на вписване в системата Местоположение - отдел Цена в лева Систематично азбучна сигнатура Баркод Цена в евро Служебен тип на артикула
  Не е изгубен Universal Decimal Classification Не е повреден без рестрикции заемане за дома 865417 Регионална библиотека "Любен Каравелов" Русе Регионална библиотека "Любен Каравелов" Русе Заемна - подръчен фонд 2021-12-16 Заемна - подръчен фонд 16.50 821-31/Р 58 Т 120000863317 8.44 Книги
Vip Innovations Ltd, Rousse, Bulgaria 2025